| 000 | 00418nam a22001697a 4500 | ||
|---|---|---|---|
| 005 | 20180613142729.0 | ||
| 008 | 160525b xxu||||| |||| 00| 0 eng d | ||
| 020 | _a81-7808-640-9 | ||
| 041 | _aeng | ||
| 082 |
_b4945 _a657 |
||
| 100 |
_aFaster, George _91254 |
||
| 245 | _aFinancial Statement analysis | ||
| 260 |
_aNew Delhi _bAcademic Faundation _c2002 |
||
| 300 | _a610 | ||
| 650 |
_aManagement _9241 |
||
| 942 | _cBK | ||
| 999 |
_c1737 _d1736 |
||